|
|
|
|
| LEADER |
00737nab a2200205 i 4500 |
| 001 |
acta8865 |
| 005 |
20240506112428.0 |
| 008 |
161015s2006 hu o 000 hun d |
| 022 |
|
|
|a 1586-0116
|
| 040 |
|
|
|a SZTE Egyetemi Kiadványok Repozitórium
|b hun
|
| 041 |
|
|
|a hun
|
| 100 |
1 |
|
|a Fenyvesi Ottó
|
| 245 |
1 |
0 |
|a Ex Yu rock moment
|h [elektronikus dokumentum] /
|c Fenyvesi Ottó
|
| 260 |
|
|
|a JABE a Hallgatókért Kiadói Alapítvány
|b Szeged
|c 2006
|
| 300 |
|
|
|a 46-48
|
| 490 |
0 |
|
|a Fosszília
|
| 650 |
|
4 |
|a Bölcsészettudományok
|
| 650 |
|
4 |
|a Művészetek (művészetek, művészettörténet, előadóművészetek, zene)
|
| 695 |
|
|
|a Zenetörténet
|
| 856 |
4 |
0 |
|u http://acta.bibl.u-szeged.hu/8865/1/fosszilia_2006_4_046-048.pdf
|z Dokumentum-elérés
|